[Event "SVK-ch U12 Girls"]
[Site "Dudince"]
[Date "2023.04.22"]
[Round "8"]
[White "Magdova, Lucia"]
[Black "Hasalova, Michaela"]
[Result "1-0"]
[WhiteElo "1125"]
[BlackElo "1077"]
[PlyCount "35"]
[EventDate "2023.04.16"]
[EventType "swiss"]
[EventRounds "9"]
[EventCountry "SVK"]
[SourceTitle "CBM 213 Extra"]
[Source "ChessBase"]
[SourceDate "2023.05.31"]
[SourceVersion "1"]
[SourceVersionDate "2023.05.31"]
[SourceQuality "1"]

1. e4 e5 2. Nf3 Nc6 3. Nc3 Nf6 4. Bb5 a6 5. Ba4 Bc5 6. Nxe5 Nxe5 7. d4 b5 8. Bb3 Bb6 9. dxe5 Ng8 10. 0-0 d6 11. exd6 cxd6 12. Bf4 Bc5 13. e5 Qh4 14. Bg3 Qh6 15. exd6 Nf6 16. Qe2+ Kf8 17. Qe7+ Kg8 18. Qxf7# 1-0

[Event "SVK-ch U12 Girls"]
[Site "Dudince"]
[Date "2023.04.20"]
[Round "6"]
[White "Magdova, Lucia"]
[Black "Gondekova, Emma"]
[Result "0-1"]
[WhiteElo "1125"]
[BlackElo "1199"]
[PlyCount "100"]
[EventDate "2023.04.16"]
[EventType "swiss"]
[EventRounds "9"]
[EventCountry "SVK"]
[SourceTitle "CBM 213 Extra"]
[Source "ChessBase"]
[SourceDate "2023.05.31"]
[SourceVersion "1"]
[SourceVersionDate "2023.05.31"]
[SourceQuality "1"]

1. e4 c5 2. Nf3 Nc6 3. d4 cxd4 4. Nxd4 g6 5. Nc3 Bg7 6. Be3 Nf6 7. Bc4 0-0 8. Qd2 Ng4 9. Nxc6 bxc6 10. Bf4 d6 11. h3 Nf6 12. 0-0 Rb8 13. Bb3 Re8 14. Rfe1 Bd7 15. Rab1 c5 16. a3 Qc8 17. Re3 Be6 18. Bxe6 Qxe6 19. Re2 Rb7 20. Bg5 Reb8 21. Qc1 Qd7 22. Re1 Qc6 23. b3 a5 24. Qe3 c4 25. bxc4 Qxc4 26. Rxb7 Rxb7 27. Re2 Rc7 28. Nd1 Qc5 29. Qxc5 Rxc5 30. Ne3 Rxg5 31. Nc4 Rc5 32. Nb2 Kf8 33. Nd3 Rc3 34. a4 Ra3 35. Nb2 Nd7 36. Nd3 Rxa4 37. Kf1 Nc5 38. Nxc5 dxc5 39. Re1 Rc4 40. Rb1 Rb4 41. Rd1 Rb8 42. Rd5 a4 43. Rxc5 Ra8 44. Ke2 a3 45. Kd3 a2 46. Rc6 a1Q 47. Ke2 Rd8 48. Kf3 Qd1+ 49. Kf4 e5+ 50. Kg3 Qd2 0-1

[Event "SVK-ch U12 Girls"]
[Site "Dudince"]
[Date "2023.04.19"]
[Round "5"]
[White "Stricova, Julia Nela"]
[Black "Magdova, Lucia"]
[Result "1/2-1/2"]
[WhiteElo "1026"]
[BlackElo "1125"]
[PlyCount "116"]
[EventDate "2023.04.16"]
[EventType "swiss"]
[EventRounds "9"]
[EventCountry "SVK"]
[SourceTitle "CBM 213 Extra"]
[Source "ChessBase"]
[SourceDate "2023.05.31"]
[SourceVersion "1"]
[SourceVersionDate "2023.05.31"]
[SourceQuality "1"]

1. e4 e5 2. Nf3 Nc6 3. Bc4 Nf6 4. d3 Bb4+ 5. c3 Ba5 6. 0-0 d6 7. Re1 Bg4 8. Nbd2 0-0 9. Nf1 h6 10. h3 Bh5 11. Ng3 Bg6 12. Be3 Re8 13. Qc2 a6 14. Rad1 Rb8 15. a3 d5 16. exd5 Nxd5 17. Qb3 Nf6 18. d4 exd4 19. Nxd4 Nxd4 20. Rxd4 Qc8 21. Bd2 Rxe1+ 22. Bxe1 Bb6 23. Rd2 Qe8 24. Kf1 Rd8 25. Rxd8 Qxd8 26. Be2 Bd3 27. Qd1 Bxe2+ 28. Qxe2 Qd5 29. Qd2 Qxd2 30. Bxd2 Kf8 31. Ke2 Ke7 32. Nf5+ Kf8 33. f3 h5 34. Kd3 g6 35. Ng3 Ke7 36. Bg5 Ke6 37. Kc4 Nd5 38. Ne4 f5 39. Nc5+ Bxc5 40. Kxc5 f4 41. c4 Kf5 42. Kxd5 Kxg5 43. Ke6 Kh4 44. Kd7 c5 45. Kd6 Kg3 46. Kxc5 Kxg2 47. Kb6 Kxf3 48. Kxb7 Kg3 49. c5 f3 50. c6 f2 51. c7 f1Q 52. c8Q Qxh3 53. Qc3+ Kh4 54. Qe1+ Qg3 55. Qe4+ Qg4 56. Qe1+ Kg5 57. Qd2+ Kf5 58. Qf2+ Qf4 1/2-1/2

[Event "SVK-ch U12 Girls"]
[Site "Stara Lubovna"]
[Date "2022.05.24"]
[Round "4"]
[White "Magdova, Lucia"]
[Black "Polackova, Eva"]
[Result "1-0"]
[WhiteElo "1055"]
[BlackElo "1253"]
[PlyCount "163"]
[EventDate "2022.05.21"]
[EventType "tourn"]
[EventRounds "7"]
[EventCountry "SVK"]
[SourceTitle "CBM 208 Extra"]
[Source "ChessBase"]
[SourceDate "2022.07.31"]
[SourceVersion "1"]
[SourceVersionDate "2022.07.31"]
[SourceQuality "1"]

1. e4 e5 2. Nf3 Nc6 3. Bb5 Bc5 4. Nxe5 Nxe5 5. d4 Qh4 6. dxc5 Qxe4+ 7. Be3 Ng4 8. Qd2 Nxe3 9. fxe3 Nf6 10. Nc3 Qe7 11. Qd4 0-0 12. 0-0-0 b6 13. cxb6 axb6 14. a3 Bb7 15. Rhg1 Rfe8 16. Rde1 Qe6 17. g3 Ng4 18. Bxd7 Qg6 19. Bxe8 Rxe8 20. h4 Nh2 21. Rd1 f6 22. Qc4+ Kh8 23. Qxc7 Be4 24. Nxe4 Qxe4 25. Qf7 Qxe3+ 26. Rd2 Qxg1+ 27. Rd1 Qe3+ 28. Kb1 Rg8 29. Qd7 Qxg3 30. Qe7 Qxh4 31. Rd8 Qc4 32. b3 Qc5 33. Qxc5 bxc5 34. Rd5 Ra8 35. a4 Rc8 36. a5 Kg8 37. Ka2 Nf3 38. Ka3 Ne5 39. Ka4 h5 40. Rd2 h4 41. Rh2 g5 42. Kb5 Nc6 43. a6 Na7+ 44. Kb6 Ra8 45. Kxc5 Nc8 46. Kb5 Nd6+ 47. Kb6 Nf5 48. c4 g4 49. Kb7 g3 50. Rh1 g2 51. Rg1 h3 52. a7 h2 53. Rxg2+ Kf7 54. Rxh2 Rxa7+ 55. Kxa7 Nd4 56. b4 f5 57. c5 Nc6+ 58. Kb6 Nxb4 59. Rf2 Nd5+ 60. Kb7 Ke6 61. Rc2 f4 62. c6 Kd6 63. c7 Nxc7 64. Rxc7 f3 65. Rc1 f2 66. Rf1 Ke5 67. Rxf2 Ke4 68. Rd2 Ke5 69. Kc6 Ke4 70. Rd8 Ke5 71. Rd6 Ke4 72. Rd5 Ke3 73. Kc5 Ke4 74. Kc4 Ke3 75. Rd4 Ke2 76. Rd3 Ke1 77. Kc3 Ke2 78. Kc2 Kf2 79. Kd2 Kg2 80. Ke2 Kh2 81. Kf2 Kh1 82. Rh3# 1-0

[Event "SVK-ch U12 Girls"]
[Site "Stara Lubovna"]
[Date "2022.05.22"]
[Round "2"]
[White "Magdova, Lucia"]
[Black "Haasova, Timea"]
[Result "0-1"]
[WhiteElo "1055"]
[BlackElo "1811"]
[PlyCount "40"]
[EventDate "2022.05.21"]
[EventType "tourn"]
[EventRounds "7"]
[EventCountry "SVK"]
[SourceTitle "CBM 208 Extra"]
[Source "ChessBase"]
[SourceDate "2022.07.31"]
[SourceVersion "1"]
[SourceVersionDate "2022.07.31"]
[SourceQuality "1"]

1. e4 d6 2. d4 Nf6 3. Nc3 g6 4. Nf3 Bg7 5. Bg5 0-0 6. Bb5 c6 7. Ba4 b5 8. Bb3 b4 9. Ne2 Nxe4 10. Bh4 Ba6 11. d5 Bxb2 12. Rb1 Nc3 13. Nxc3 Bxc3+ 14. Nd2 Qb6 15. Bxe7 Re8 16. Qe2 Bxe2 17. Kxe2 Rxe7+ 18. Kd1 Qxf2 19. Nc4 Re1+ 20. Rxe1 Qxe1# 0-1

[Event "Skalica op-B"]
[Site "Skalica"]
[Date "2021.08.28"]
[Round "8"]
[White "Stevik, Patrik"]
[Black "Magdova, Lucia"]
[Result "1-0"]
[WhiteElo "1374"]
[BlackElo "1052"]
[PlyCount "63"]
[EventDate "2021.08.21"]
[EventType "swiss"]
[EventRounds "9"]
[EventCountry "SVK"]
[SourceTitle "CBM 204 Extra"]
[Source "ChessBase"]
[SourceDate "2021.11.30"]
[SourceVersion "1"]
[SourceVersionDate "2021.11.30"]
[SourceQuality "1"]

1. b3 e5 2. Bb2 Nc6 3. e3 d5 4. Nf3 f6 5. c4 Bg4 6. Be2 Bb4 7. a3 Bc5 8. b4 Be7 9. d3 dxc4 10. dxc4 Qxd1+ 11. Bxd1 0-0-0 12. 0-0 e4 13. h3 exf3 14. hxg4 fxg2 15. Kxg2 Nh6 16. f4 Nf7 17. Bf3 Rd7 18. Bd5 Rf8 19. Be6 Nh6 20. Bxd7+ Kxd7 21. Rd1+ Kc8 22. Kf3 Rf7 23. Nc3 f5 24. g5 Ng8 25. Rg1 Bd6 26. g6 hxg6 27. Rxg6 Nge7 28. Rg2 b6 29. Rh1 Rf8 30. Rxg7 a6 31. Ne2 Kd7 32. Rhh7 1-0

[Event "Skalica op-B"]
[Site "Skalica"]
[Date "2021.08.26"]
[Round "6"]
[White "Ralbovsky, Milan"]
[Black "Magdova, Lucia"]
[Result "0-1"]
[WhiteElo "1276"]
[BlackElo "1052"]
[PlyCount "94"]
[EventDate "2021.08.21"]
[EventType "swiss"]
[EventRounds "9"]
[EventCountry "SVK"]
[SourceTitle "CBM 204 Extra"]
[Source "ChessBase"]
[SourceDate "2021.11.30"]
[SourceVersion "1"]
[SourceVersionDate "2021.11.30"]
[SourceQuality "1"]

1. e4 e5 2. Qh5 Nc6 3. Bc4 Qe7 4. d3 Nf6 5. Qd1 Qd8 6. Nc3 Bb4 7. Nf3 d6 8. Bd2 Bg4 9. h3 Bh5 10. g4 Bg6 11. Qe2 Qd7 12. 0-0-0 0-0-0 13. g5 Ng8 14. Ng1 f6 15. Nf3 Bh5 16. h4 Nd4 17. Nxd4 Bxe2 18. Be6 Bxd1 19. Bxd7+ Rxd7 20. Ndb5 Bxc3 21. Bxc3 Bf3 22. Rg1 Kb8 23. Bd2 a6 24. Nc3 Ne7 25. gxf6 gxf6 26. Rg3 Bh5 27. b3 Rg8 28. Rh3 Rg1+ 29. Kb2 d5 30. Be3 d4 31. Bd2 dxc3+ 32. Bxc3 b5 33. Bd2 Rd8 34. Be3 Rf1 35. Bc5 Nc6 36. c3 Rg8 37. Rh2 Rd1 38. Kc2 Rgg1 39. f4 Rge1 40. Ba3 Ra1 41. Kb2 Rec1 42. Bc5 a5 43. a3 Rab1+ 44. Ka2 Bd1 45. a4 b4 46. cxb4 axb4 47. Rb2 Ra1# 0-1

[Event "SVK-ch U10 Girls"]
[Site "Stara Lubovna"]
[Date "2021.06.29"]
[Round "5"]
[White "Polackova, Eva"]
[Black "Magdova, Lucia"]
[Result "1-0"]
[WhiteElo "1260"]
[BlackElo "1036"]
[PlyCount "85"]
[EventDate "2021.06.26"]
[EventType "swiss"]
[EventRounds "9"]
[EventCountry "SVK"]
[SourceTitle "CBM 203 Extra"]
[Source "ChessBase"]
[SourceDate "2021.09.30"]
[SourceVersion "1"]
[SourceVersionDate "2021.09.30"]
[SourceQuality "1"]

1. d4 d5 2. Bf4 Nc6 3. e3 Nf6 4. c3 Bf5 5. Bd3 e6 6. Nf3 Be7 7. Bxf5 exf5 8. Nbd2 0-0 9. 0-0 h6 10. Qb3 Bd6 11. Bxd6 Qxd6 12. Qxb7 Rab8 13. Qa6 Nb4 14. Qxd6 cxd6 15. cxb4 Rxb4 16. b3 Rb6 17. Rac1 Ng4 18. Rc7 Ra6 19. a4 Rb8 20. Rfc1 g5 21. R1c6 Rxc6 22. Rxc6 Rd8 23. Ra6 Rc8 24. h3 Nf6 25. Rxd6 Kg7 26. Ra6 Rc1+ 27. Kh2 Rc7 28. Ne5 f4 29. Rc6 Rb7 30. Rc5 fxe3 31. fxe3 h5 32. Rb5 Rc7 33. Ra5 h4 34. Ra6 Kf8 35. Rxf6 Rc2 36. Rxf7+ Ke8 37. Ndf3 a5 38. Nxg5 Kd8 39. Rd7+ Kc8 40. Ne6 Rb2 41. Rc7+ Kb8 42. Nc6+ Ka8 43. Ra7# 1-0

[Event "SVK-ch U10 Girls"]
[Site "Stara Lubovna"]
[Date "2021.06.27"]
[Round "2"]
[White "Magdova, Lucia"]
[Black "Stryckova, Zuzana"]
[Result "1-0"]
[WhiteElo "1036"]
[BlackElo "1000"]
[PlyCount "51"]
[EventDate "2021.06.26"]
[EventType "swiss"]
[EventRounds "9"]
[EventCountry "SVK"]
[SourceTitle "CBM 203 Extra"]
[Source "ChessBase"]
[SourceDate "2021.09.30"]
[SourceVersion "1"]
[SourceVersionDate "2021.09.30"]
[SourceQuality "1"]

1. e4 e5 2. Nf3 Nc6 3. d4 Bb4+ 4. Nc3 d6 5. Bg5 f6 6. Bh4 f5 7. Bxd8 Nxd8 8. exf5 Bxf5 9. dxe5 Nf7 10. exd6 cxd6 11. Qe2+ Ne5 12. Qb5+ Nc6 13. Qxf5 Nge7 14. Qg4 0-0 15. Bc4+ d5 16. Bb5 Rad8 17. 0-0 d4 18. Ne2 Ne5 19. Nxe5 Rd5 20. Bc4 b5 21. Bxd5+ Nxd5 22. Qe6+ Kh8 23. Nf7+ Kg8 24. Nh6+ Kh8 25. Ng4 Bd2 26. Qxd5 1-0

[Event "Drienica Saris op"]
[Site "Drienica"]
[Date "2020.08.07"]
[Round "1"]
[White "Magdova, Lucia"]
[Black "Durica, Daniel"]
[Result "0-1"]
[WhiteElo "1046"]
[BlackElo "1937"]
[PlyCount "30"]
[EventDate "2020.08.07"]
[EventType "swiss"]
[EventRounds "9"]
[EventCountry "SVK"]
[SourceTitle "CBM 197 Extra"]
[Source "ChessBase"]
[SourceDate "2020.09.30"]
[SourceVersion "1"]
[SourceVersionDate "2020.09.30"]
[SourceQuality "1"]

1. e4 d5 2. exd5 e6 3. dxe6 Bxe6 4. Bb5+ Nc6 5. Nf3 Nf6 6. 0-0 Bd6 7. Nc3 Qd7 8. d3 0-0-0 9. Bg5 Bg4 10. h3 Bxh3 11. gxh3 Qxh3 12. Re1 Ng4 13. Ne2 Bh2+ 14. Nxh2 Qxh2+ 15. Kf1 Qxf2# 0-1

[Event "SVK-ch U08 Girls"]
[Site "Liptovsky Mikulas"]
[Date "2019.04.26"]
[Round "6"]
[White "Cabakova, Adela"]
[Black "Magdova, Lucia"]
[Result "0-1"]
[WhiteElo "1000"]
[BlackElo "1000"]
[PlyCount "148"]
[EventDate "2019.04.23"]
[EventType "tourn"]
[EventRounds "10"]
[EventCountry "SVK"]
[SourceTitle "CBM 190 Extra"]
[Source "ChessBase"]
[SourceDate "2019.07.15"]
[SourceVersion "1"]
[SourceVersionDate "2019.07.15"]
[SourceQuality "1"]

1. g3 e5 2. Bg2 d5 3. d3 Bc5 4. Nf3 Nc6 5. 0-0 Nf6 6. e3 0-0 7. Nc3 Bg4 8. e4 dxe4 9. dxe4 Qxd1 10. Rxd1 Bxf3 11. Bxf3 Rad8 12. Rxd8 Rxd8 13. Nd5 Nxd5 14. exd5 Nb4 15. a3 Nxd5 16. Bxd5 Rxd5 17. Be3 Bxe3 18. fxe3 Rc5 19. c3 h5 20. b4 Rc4 21. Rc1 h4 22. gxh4 Rxh4 23. Rd1 Rg4+ 24. Kh1 Re4 25. Rd7 Rxe3 26. Rxc7 Rf3 27. Rxb7 e4 28. Re7 e3 29. c4 Rf1+ 30. Kg2 Rf2+ 31. Kg1 Rc2 32. Rxe3 Rxc4 33. Rb3 Rc1+ 34. Kg2 Rc7 35. a4 Rb7 36. b5 a6 37. Kg3 axb5 38. axb5 Rb6 39. Kf3 Kf8 40. Ke4 g6 41. Kd5 f5 42. Kc5 Rb8 43. b6 g5 44. Kc6 f4 45. Kc7 Re8 46. b7 g4 47. b8Q Rxb8 48. Rxb8+ Kf7 49. Rb7 f3 50. Kc8+ Kf6 51. Rb1 Kg5 52. Kc7 Kh4 53. Rb2 Kh3 54. Kd6 g3 55. hxg3 Kxg3 56. Rb5 f2 57. Rg5+ Kf4 58. Rg8 Ke3 59. Ra8 f1Q 60. Ra3+ Ke4 61. Ra4+ Kf5 62. Ra5+ Kf6 63. Kc6 Qd1 64. Rc5 Ke6 65. Kb6 Kd6 66. Rc6+ Kd7 67. Kc5 Qc1+ 68. Kb5 Qxc6+ 69. Ka5 Qb7 70. Ka4 Kc6 71. Ka3 Kc5 72. Ka2 Kc4 73. Ka1 Kc3 74. Ka2 Qb2# 0-1

[Event "SVK-ch U08 Girls"]
[Site "Liptovsky Mikulas"]
[Date "2019.04.26"]
[Round "5"]
[White "Magdova, Lucia"]
[Black "Polackova, Eva"]
[Result "0-1"]
[WhiteElo "1000"]
[BlackElo "1000"]
[PlyCount "124"]
[EventDate "2019.04.23"]
[EventType "tourn"]
[EventRounds "10"]
[EventCountry "SVK"]
[SourceTitle "CBM 190 Extra"]
[Source "ChessBase"]
[SourceDate "2019.07.15"]
[SourceVersion "1"]
[SourceVersionDate "2019.07.15"]
[SourceQuality "1"]

1. e4 d6 2. d4 Nf6 3. Nc3 Nbd7 4. Bg5 c6 5. Bc4 b5 6. Bd3 e5 7. Bxf6 Nxf6 8. dxe5 dxe5 9. Nf3 Bg4 10. 0-0 Bc5 11. h3 Bh5 12. a4 a6 13. axb5 cxb5 14. Be2 0-0 15. Qxd8 Raxd8 16. Rxa6 b4 17. Nb5 Nxe4 18. Nxe5 Bxe2 19. Re1 Bxb5 20. Ra5 Bxf2+ 21. Kh1 Bxe1 22. Rxb5 Rd1 23. g3 Bxg3+ 24. Kg2 f6 25. Ng4 Rfd8 26. Kf3 Rf1+ 27. Kxe4 Rf4+ 28. Ke3 Rdd4 29. Rb8+ Kf7 30. Rb7+ Kg6 31. c3 bxc3 32. bxc3 Rd1 33. Rc7 Re1+ 34. Kd2 Rfe4 35. Rc8 Bf4+ 36. Kd3 Be3 37. Kxe4 Bd2+ 38. Kd3 Bg5 39. c4 Rh1 40. Nf2 Rh2 41. Ne4 Rxh3+ 42. Kd4 Rh4 43. c5 f5 44. c6 Rxe4+ 45. Kd5 Bf4 46. c7 h5 47. Kc6 Re7 48. Kb7 Bxc7 49. Rxc7 Rxc7+ 50. Kxc7 h4 51. Kd6 h3 52. Ke5 h2 53. Kf4 h1Q 54. Ke5 Qf3 55. Ke6 Qe4+ 56. Kd6 Kf6 57. Kd7 Qe6+ 58. Kd8 Qe7+ 59. Kc8 Ke6 60. Kb8 Kd6 61. Ka8 Kc6 62. Kb8 Qb7# 0-1

[Event "SVK-ch U08 Girls"]
[Site "Liptovsky Mikulas"]
[Date "2019.04.24"]
[Round "3"]
[White "Magdova, Lucia"]
[Black "Sunova, Michaela"]
[Result "1-0"]
[WhiteElo "1000"]
[BlackElo "1000"]
[PlyCount "57"]
[EventDate "2019.04.23"]
[EventType "tourn"]
[EventRounds "10"]
[EventCountry "SVK"]
[SourceTitle "CBM 190 Extra"]
[Source "ChessBase"]
[SourceDate "2019.07.15"]
[SourceVersion "1"]
[SourceVersionDate "2019.07.15"]
[SourceQuality "1"]

1. e4 e5 2. Bc4 Nf6 3. Nc3 Nc6 4. Nf3 Nxe4 5. Nxe4 d5 6. Bxd5 Qxd5 7. Nc3 Qc5 8. 0-0 Qe7 9. d3 Bg4 10. Bg5 Qe6 11. Nb5 Kd7 12. h3 Bxf3 13. Qxf3 Qg6 14. Qd5+ Kc8 15. Bh4 Qh6 16. Bg3 a6 17. Bxe5 axb5 18. Bg3 Bd6 19. Bxd6 cxd6 20. Qxf7 Ne5 21. Qd5 Ra5 22. d4 Nc4 23. Qf5+ Kb8 24. Qd7 Nxb2 25. Rfe1 Qf4 26. Re7 Ra7 27. Rae1 Rf8 28. Re8+ Rxe8 29. Rxe8# 1-0

[Event "SVK-ch U08 Girls"]
[Site "Liptovsky Mikulas"]
[Date "2018.04.27"]
[Round "7"]
[White "Magdova, Lucia"]
[Black "Valentova, Sophia"]
[Result "0-1"]
[WhiteElo "1000"]
[BlackElo "1000"]
[PlyCount "66"]
[EventDate "2018.04.21"]
[EventType "swiss"]
[EventRounds "7"]
[EventCountry "SVK"]
[SourceTitle "CBM 184 Extra"]
[Source "ChessBase"]
[SourceDate "2018.06.28"]
[SourceVersion "1"]
[SourceVersionDate "2018.06.28"]
[SourceQuality "1"]

1. e4 e5 2. Bc4 Nf6 3. Nc3 Nc6 4. Nf3 Bc5 5. d3 0-0 6. Bg5 d6 7. Bxf6 Qxf6 8. Qd2 Bg4 9. 0-0-0 Qf4 10. Qxf4 exf4 11. h3 Bxf3 12. gxf3 Bxf2 13. Rdf1 Be3+ 14. Kb1 Nd4 15. Nd5 c6 16. Nxe3 fxe3 17. f4 e2 18. Re1 Rad8 19. c3 d5 20. cxd4 dxc4 21. dxc4 Rfe8 22. Rhg1 Rxe4 23. f5 Rd6 24. c5 Rf6 25. Rg3 Rxf5 26. Ra3 Rf1 27. Rc1 Rxc1+ 28. Kxc1 e1Q+ 29. Kc2 Qf2+ 30. Kc3 Re3+ 31. Kc4 b5+ 32. Kb4 Qxb2+ 33. Ka5 Rxa3# 0-1

[Event "SVK-ch U08 Girls"]
[Site "Liptovsky Mikulas"]
[Date "2018.04.22"]
[Round "2"]
[White "Magdova, Lucia"]
[Black "Mederlyova, Beata"]
[Result "0-1"]
[WhiteElo "1000"]
[BlackElo "1000"]
[PlyCount "52"]
[EventDate "2018.04.21"]
[EventType "swiss"]
[EventRounds "7"]
[EventCountry "SVK"]
[SourceTitle "CBM 184 Extra"]
[Source "ChessBase"]
[SourceDate "2018.06.28"]
[SourceVersion "1"]
[SourceVersionDate "2018.06.28"]
[SourceQuality "1"]

1. e4 e5 2. Bc4 Nf6 3. Nc3 Nc6 4. d3 Bc5 5. Bg5 0-0 6. Nf3 d6 7. 0-0 Bg4 8. Nd5 Nd4 9. Bxf6 gxf6 10. h3 Bxf3 11. Qd2 Bh5 12. Qh6 Bg6 13. Rae1 f5 14. Re3 fxe4 15. dxe4 c6 16. Nc3 d5 17. exd5 Nf5 18. Rxe5 Nxh6 19. Be2 Re8 20. Rxe8+ Qxe8 21. Bf3 Bd6 22. Rd1 Qe7 23. Na4 Re8 24. Kf1 Bxc2 25. Re1 Bd3+ 26. Kg1 Qxe1# 0-1